000 00414nmm a2200145Ia 4500
008 251105s9999||||xx |||||||||||||||||und||
041 _aspa
100 _aD'Adamo, Peter J.
245 0 _aLa dieta del genotipo
264 _a[Madrid, España] :
_bEdiciones B,
_c2014
300 _a432 páginas
650 _aMind, body and spirituality
856 _uhttps://public.digitaliapublishing.com/a/54000
942 _cCF
999 _c104959
_d104959